Across the LoC : (Record no. 14119)

000 -LEADER
fixed length control field 01246cam a2200349 a 4500
001 - CONTROL NUMBER
control field 16640064
005 - DATE AND TIME OF LATEST TRANSACTION
control field 20170105102847.0
008 - FIXED-LENGTH DATA ELEMENTS--GENERAL INFORMATION
fixed length control field 101206s2010 ii abf b 001 0 eng d
010 ## - LIBRARY OF CONGRESS CONTROL NUMBER
LC control number 2010317552
020 ## - INTERNATIONAL STANDARD BOOK NUMBER
International Standard Book Number 9780670084357
020 ## - INTERNATIONAL STANDARD BOOK NUMBER
International Standard Book Number 0670084352
025 ## - OVERSEAS ACQUISITION NUMBER
Overseas acquisition number I-E-2010-317552; 63-09; 63-22
035 ## - SYSTEM CONTROL NUMBER
System control number (OCoLC)ocn694139661
035 ## - SYSTEM CONTROL NUMBER
System control number (OCoLC)694139661
037 ## - SOURCE OF ACQUISITION
Stock number Library of Congress -- New Delhi Overseas Office
040 ## - CATALOGING SOURCE
Original cataloging agency DKAGE
Language of cataloging eng
Transcribing agency DKAGE
Modifying agency DLC
042 ## - AUTHENTICATION CODE
Authentication code lccopycat
-- lcode
043 ## - GEOGRAPHIC AREA CODE
Geographic area code a-pk---
050 00 - LIBRARY OF CONGRESS CALL NUMBER
Classification number DS392.A93
Item number P87 2010
082 04 - DEWEY DECIMAL CLASSIFICATION NUMBER
Classification number 954.9138
Edition number 22
100 1# - MAIN ENTRY--PERSONAL NAME
Personal name Puri, Luv.
245 10 - TITLE STATEMENT
Title Across the LoC :
Remainder of title inside Pakistan-administered Jammu and Kashmir /
Statement of responsibility, etc. Luv Puri.
246 3# - VARYING FORM OF TITLE
Title proper/short title Across the line of control
260 ## - PUBLICATION, DISTRIBUTION, ETC.
Place of publication, distribution, etc. New Delhi :
Name of publisher, distributor, etc. Penguin, Viking,
Date of publication, distribution, etc. 2010.
300 ## - PHYSICAL DESCRIPTION
Extent ix, 136 p., [3] p. of plates :
Other physical details ill., 1 map ;
Dimensions 21 cm.
504 ## - BIBLIOGRAPHY, ETC. NOTE
Bibliography, etc. note Includes bibliographical references and index.
651 #0 - SUBJECT ADDED ENTRY--GEOGRAPHIC NAME
Geographic name Azad Kashmir (Pakistan)
General subdivision Politics and government
Chronological subdivision 20th century.
651 #0 - SUBJECT ADDED ENTRY--GEOGRAPHIC NAME
Geographic name Azad Kashmir (Pakistan)
General subdivision Politics and government
Chronological subdivision 21st century.
906 ## - LOCAL DATA ELEMENT F, LDF (RLIN)
a 7
b cbc
c copycat
d 3
e ncip
f 20
g y-gencatlg
942 ## - ADDED ENTRY ELEMENTS (KOHA)
Source of classification or shelving scheme
Koha item type Book
Holdings
Withdrawn status Lost status Damaged status Not for loan Collection code Permanent Location Current Location Shelving location Date acquired Total Checkouts Full call number Barcode Date last seen Price effective from Koha item type
          Centre for International Peace & Stability (CIPS) Centre for International Peace & Stability (CIPS) General Stacks 08/19/2013   954.9138 PUR 2010 CIPS0000682 08/19/2013 08/19/2013 Book
© 2023 Central Library, National University of Sciences and Technology. All Rights Reserved.